000 00450nmm a2200145Ia 4500
008 251105s9999||||xx |||||||||||||||||und||
041 _aspa
100 _aCornejo y Rosado, Miguel Ángel
245 0 _aFortalezas, la revolución de los talentos
264 _a[Santiago de Chile, Chile] :
_bPatagonia,
_c2011
300 _a53 páginas
650 _aEconomics and Business
856 _uhttps://public.digitaliapublishing.com/a/23666
942 _cCF
999 _c104458
_d104458